Fashion: From Concept to Consumer (Record no. 12939)
[ view plain ]
| 000 -LEADER | |
|---|---|
| fixed length control field | 00416nam a22001697a 4500 |
| 003 - CONTROL NUMBER IDENTIFIER | |
| control field | OSt |
| 008 - FIXED-LENGTH DATA ELEMENTS--GENERAL INFORMATION | |
| fixed length control field | 241022b |||||||| |||| 00| 0 eng d |
| 020 ## - INTERNATIONAL STANDARD BOOK NUMBER | |
| International Standard Book Number | 9780131774780 |
| 082 ## - DEWEY DECIMAL CLASSIFICATION NUMBER | |
| Classification number | 687.2 FRF |
| 100 ## - MAIN ENTRY--PERSONAL NAME | |
| Personal name | FRINGS, Gini Stephens |
| 245 ## - TITLE STATEMENT | |
| Title | Fashion: From Concept to Consumer |
| 250 ## - EDITION STATEMENT | |
| Edition statement | 4th. ed. |
| 260 ## - PUBLICATION, DISTRIBUTION, ETC. (IMPRINT) | |
| Place of publication, distribution, etc | New Jersey, |
| Name of publisher, distributor, etc | Prentice Hall, |
| Date of publication, distribution, etc | 1994, |
| 300 ## - PHYSICAL DESCRIPTION | |
| Extent | 362 p. |
| 650 ## - SUBJECT ADDED ENTRY--TOPICAL TERM | |
| Topical term or geographic name as entry element | B.FAD. |
| 942 ## - ADDED ENTRY ELEMENTS (KOHA) | |
| Source of classification or shelving scheme | Dewey Decimal Classification |
| Koha item type | Reference Books |
| Withdrawn status | Lost status | Source of classification or shelving scheme | Damaged status | Not for loan | Collection code | Home library | Current library | Date acquired | Source of acquisition | Currency | Cost, normal purchase price | Bill Number | Total Checkouts | Full call number | Acc. no. / Barcode | Date last seen | Actual Cost, discounted price | Bill Date | Koha item type |
|---|---|---|---|---|---|---|---|---|---|---|---|---|---|---|---|---|---|---|---|
| Dewey Decimal Classification | Bachelor of Fashion and Apparel Design | PIET NCR College Library | PIET NCR College Library | 01/10/2024 | Pankaj Publication International | In Rupees | 7848.00 | PPI-15 | 687.2 FRF | N3772 | 22/10/2024 | 5729.04 | 01/10/2024 | Reference Books |